[Event "BLR-chT"]
[Site "Minsk"]
[Date "2017.05.13"]
[Round "6.1"]
[White "Teterev, Vitaly"]
[Black "Shapkin, Alexander"]
[Result "1-0"]
[WhiteElo "2487"]
[BlackElo "1874"]
[PlyCount "97"]
[EventDate "2017.05.08"]
[EventType "team-swiss"]
[EventRounds "7"]
[EventCountry "BLR"]
[SourceTitle "CBM 178 Extra"]
[Source "ChessBase"]
[SourceDate "2017.06.22"]
[SourceVersion "1"]
[SourceVersionDate "2017.06.22"]
[SourceQuality "1"]
[WhiteTeam "Minsk Grand"]
[BlackTeam "Bgu"]
[WhiteTeamCountry "BLR"]
[BlackTeamCountry "BLR"]

1. Nf3 Nf6 2. g3 d5 3. Bg2 c6 4. c4 Bf5 5. cxd5 cxd5 6. Qb3 Qb6 7. Qxb6 axb6 8. Nc3 Nc6 9. d3 e5 10. 0-0 Be7 11. Bg5 Be6 12. a3 h6 13. Bd2 0-0 14. Nb5 Rac8 15. Rac1 Ne8 16. e3 Nd6 17. Nc3 Bf6 18. e4 dxe4 19. Nxe4 Nxe4 20. dxe4 Rfd8 21. Bc3 Bg4 22. h3 Be6 23. Rfd1 Bb3 24. Rxd8+ Rxd8 25. Bf1 Rd1 26. Rxd1 Bxd1 27. Nd2 Nd4 28. Bxd4 exd4 29. Bd3 Ba4 30. Kf1 g5 31. g4 Be5 32. Nc4 Bc7 33. Ke2 f6 34. Nd2 Kf7 35. Bc4+ Ke7 36. Kd3 Be5 37. Nf3 Bd1 38. Nxd4 Bxd4 39. Kxd4 Bf3 40. Ke3 Bg2 41. f3 Bxh3 42. Kf2 h5 43. Kg3 Bxg4 44. fxg4 h4+ 45. Kf3 Kd6 46. Bd5 Kc7 47. a4 Kd6 48. b4 Kc7 49. Ke3 1-0